APUNTES DE HERMENEUTICA /

Gardado en:
Detalles Bibliográficos
Autor Principal: Schökel, Luis Alonso (autor)
Outros autores: Bravo, José María (autor) (autor)
Formato: Libro
Edición:2a edición
Series:(Estructuras y Procesos. Religión)
Temas:
Etiquetas: Engadir etiqueta
Sen Etiquetas, Sexa o primeiro en etiquetar este rexistro!

MARC

LEADER 00000nam^a2200000^a^4500
001 000246223
005 20250521000000.0
009 20260310105528.97
020 |a 84-87699-90-1 
037 |a Acervo Xavier Clavigero 
082 |a 220. 601  |b SCH 
100 |a Schökel, Luis Alonso  |e (autor) 
245 1 0 |a APUNTES DE HERMENEUTICA /  |c LUIS ALONSO SCHOKEL, JOSE MARIA BRAVO 
250 |a 2a edición 
264 |a Madrid, España  |b Trotta  |c 1997 
300 |a 169 p. 
336 |a texto  |b txt  |2 rdacontenido 
337 |a sin mediación  |b n  |2 rdamedio 
338 |a volumen  |b nc  |2 rdasoporte 
440 1 |a (Estructuras y Procesos.  |p Religión) 
649 |a XX 
650 |a Hermenéutica -  |x Tema Principal 
700 |a Bravo, José María  |e (autor) 
910 |a Fondo General 
920 |a Impresos - Libros 
930 |a Colección General 
905 |a 101 
901 |a 069988  |b IT1  |c ACC  |i 069988  |u 20250521 
902 |a https://opac.biblio.iteso.mx/vufind/Record/000246223